| 000 | 01306cab a2200265 4500 | ||
|---|---|---|---|
| 001 | WB3412-29 | ||
| 008 | 090401t1998 xxu||||| |||| 00| 0 eng d | ||
| 035 | _a(Sirsi) u85234 | ||
| 041 | _aeng | ||
| 245 | _aRent review | ||
| 260 | _c1998 | ||
| 350 | _a0 | ||
| 490 |
_aEstates Gazette Case Summaries _v[1998] EGCS 42 (21/3/98) |
||
| 520 | _a"Northumberland & Durham Property Trust Ltd v London Rent Assessment Committee and others" QBD 5 March 1998. Committee determined fair rents to be registered for eight flats in London. Landlord appealed against the ruling, contending that the Committee had failed to make proper use of evidence of open market lettings. Appeal allowed. | ||
| 650 | _aEVIDENCE | ||
| 650 | _aFAIR RENTS | ||
| 650 | _aNORTHUMBERLAND AND DURHAM PROPERTY TRUST LTD V LONDON RENT ASSESSMENT COMMITTEE AND BORKOWSKI | ||
| 650 | _aNORTHUMBERLAND AND DURHAM PROPERTY TRUST LTD V LONDON RENT ASSESSMENT COMMITTEE AND COWDERY AND ANOTHER | ||
| 650 | _aNORTHUMBERLAND AND DURHAM PROPERTY TRUST LTD V LONDON RENT ASSESSMENT COMMITTEE AND BULLOCK | ||
| 650 | _aOPEN MARKET VALUE | ||
| 650 | _aSPATH HOLME LTD V GREATER MANCHESTER AND LANCASHIRE RENT ASSESSMENT COMMITTEE | ||
| 690 | _aLANDLORD AND TENANT-RESIDENTIAL TENANCIES-CASE LAW | ||
| 942 | _n0 | ||
| 948 | _c26/03/1998 | ||
| 999 |
_c53575 _d53575 |
||